MyGZULibrary

Punishment and responsibility: (Record no. 3896)

MARC details
000 -LEADER
fixed length control field 00974cam a2200265 a 4500
001 - CONTROL NUMBER
control field 15280629
003 - CONTROL NUMBER IDENTIFIER
control field GZU
005 - DATE AND TIME OF LATEST TRANSACTION
control field 20210310120006.0
008 - FIXED-LENGTH DATA ELEMENTS--GENERAL INFORMATION
fixed length control field 080429s2008 enk 001 0 eng
010 ## - LIBRARY OF CONGRESS CONTROL NUMBER
LC control number 2008273592
020 ## - INTERNATIONAL STANDARD BOOK NUMBER
International Standard Book Number 9780199534784
040 ## - CATALOGING SOURCE
Original cataloging agency DLC
Transcribing agency DLC
Modifying agency DLC
050 00 - LIBRARY OF CONGRESS CALL NUMBER
Classification number KD7882.A75
Item number H37 2008
100 1# - MAIN ENTRY--PERSONAL NAME
Personal name Hart, H. L. A.
Fuller form of name (Herbert Lionel Adolphus),
Dates associated with a name 1907-1992.
245 10 - TITLE STATEMENT
Title Punishment and responsibility:
Remainder of title essays in the philosophy of law,
Statement of responsibility, etc. by H. L. A. Hart ; with an introduction by John Gardner.
250 ## - EDITION STATEMENT
Edition statement 2nd ed.
260 ## - PUBLICATION, DISTRIBUTION, ETC.
Place of publication, distribution, etc. Oxford ;
-- New York :
Name of publisher, distributor, etc. Oxford University Press,
Date of publication, distribution, etc. c2008.
300 ## - PHYSICAL DESCRIPTION
Extent liii, 277 p. ;
Dimensions 23 cm.
500 ## - GENERAL NOTE
General note Includes index.
650 #0 - SUBJECT ADDED ENTRY--TOPICAL TERM
Topical term or geographic name entry element Punishment
Geographic subdivision Great Britain.
650 #0 - SUBJECT ADDED ENTRY--TOPICAL TERM
Topical term or geographic name entry element Criminal liability
Geographic subdivision Great Britain.
906 ## - LOCAL DATA ELEMENT F, LDF (RLIN)
a 7
b cbc
c origcop
d 2
e ncip
f 20
g y-gencatlg
942 ## - ADDED ENTRY ELEMENTS (KOHA)
Source of classification or shelving scheme Library of Congress Classification
Koha item type Books
Edition 2nd
Classification part 7882
Item part HAR
Call number prefix KD
Call number suffix 2008
Holdings
Withdrawn status Lost status Damaged status Not for loan Collection code Home library Current library Shelving location Date acquired Total Checkouts Full call number Barcode Date last seen Copy number Price effective from Koha item type
        Non-fiction City Campus Library City Campus Library General Stacks 03/10/2021   KD7882 HAR 2008 000157 03/10/2021 c.1 03/10/2021 Books